[Event "8th Vugar Gashimov Memorial (Blitz)"]
[Site "Baku AZE"]
[Date "2022.12.23"]
[EventDate "2022.12.22"]
[Round "18.3"]
[Result "0-1"]
[White "Nodirbek Abdusattorov"]
[Black "D Gukesh"]
[WhiteElo "2713"]
[BlackElo "2725"]
[PlyCount "134"]

1. e4 c6 2. d4 d5 3. e5 Bf5 4. Nd2 e6 5. Nb3 Nd7 6. Nf3 Ne7 7. Be2 Nc8 8. O-O
Be7 9. a4 a5 10. Re1 Ncb6 11. Bd2 Nc4 12. Bc3 O-O 13. Bd3 Bg4 14. h3 Bh5 15. Nc1
c5 16. Bxc4 cxd4 17. Qxd4 dxc4 18. Qxc4 Bxf3 19. gxf3 Nb6 20. Qe4 Nd5 21. Bd2
Rc8 22. Ne2 Bc5 23. c4 Ne7 24. Rad1 Nf5 25. Be3 Qb6 26. Bxc5 Rxc5 27. Rd2 Qb4
28. Red1 Rxc4 29. Qd3 h6 30. f4 Qc5 31. b3 Rb4 32. Rc2 Qb6 33. Rc3 Kh7 34. Kg2
g6 35. Kg1 Kg7 36. Qf3 Rd8 37. Rxd8 Qxd8 38. Qd3 Qb6 39. Kf1 h5 40. Kg1 Nd4 41.
Nxd4 Rxd4 42. Qe3 Qb4 43. f5 exf5 44. e6 Re4 45. e7 Qxe7 46. Qd2 Re1+ 47. Kh2
Qe5+ 48. Kg2 Qe4+ 49. Rf3 Rb1 50. Qc3+ Kg8 51. Kh2 Qe1 52. Qc8+ Kg7 53. Qc3+
Qxc3 54. Rxc3 h4 55. Kg2 g5 56. Rc5 Kg6 57. Rb5 f6 58. Rxb7 g4 59. Rb5 Rb2 60.
Rxa5 g3 61. Ra8 Rxf2+ 62. Kg1 Rb2 63. Rh8 Kg5 64. Rg8+ Kf4 65. Rc8 Rxb3 66. Rc1
Ra3 67. Kg2 0-1

[Event "Airthings Masters"]
[Site "chess.com INT"]
[Date "2023.02.03"]
[EventDate "2023.02.03"]
[Round "2"]
[Result "1-0"]
[White "D Gukesh"]
[Black "Anand Pranav"]
[WhiteElo "2718"]
[BlackElo "2525"]
[PlyCount "80"]

1. Nf3 d5 2. g3 Nc6 3. d4 Bf5 4. Bg2 Nb4 5. Na3 e6 6. O-O Be7 7. c3 Nc6 8. Nc2
Nf6 9. Nh4 Be4 10. Ne1 Bxg2 11. Nhxg2 O-O 12. Nd3 Bd6 13. Bg5 h6 14. Bxf6 Qxf6
15. Ne3 Qe7 16. b4 a6 17. a4 b5 18. Qb3 Rfb8 19. Rfb1 a5 20. bxa5 Nxa5 21. Qc2
c6 22. axb5 cxb5 23. Ra2 Qe8 24. Rba1 Nc4 25. Nf1 Rxa2 26. Rxa2 Qc6 27. Qb3 Rc8
28. h4 h5 29. Nh2 Ra8 30. Nf3 Ra4 31. Nc1 Qa6 32. Ng5 g6 33. e4 Ra3 34. Rxa3
Qxa3 35. Qxb5 Qxc1+ 36. Kg2 Bf8 37. Qd7 Nd6 38. e5 Qc2 39. exd6 Qf5 40. Qe8 1-0

[Event "Airthings Masters"]
[Site "chess.com INT"]
[Date "2023.02.03"]
[EventDate "2023.02.03"]
[Round "3"]
[Result "0-1"]
[White "Cardoso Cardoso, Jose Gabriel"]
[Black "D Gukesh"]
[WhiteElo "2498"]
[BlackElo "2718"]
[PlyCount "70"]

1. d4 Nf6 2. c4 e6 3. Nc3 Bb4 4. Qc2 O-O 5. a3 Bxc3+ 6. Qxc3 b6 7. e3 Bb7 8. Nf3
d6 9. b4 Nbd7 10. Bb2 a5 11. Be2 Ne4 12. Qc2 f5 13. O-O Rf6 14. d5 Rg6 15. dxe6
Nf8 16. c5 dxc5 17. bxc5 Nxc5 18. Qxf5 Nfxe6 19. Rad1 Qe7 20. Kh1 Rf8 21. Qe5
Qf7 22. Qh5 Ne4 23. Be5 Qe7 24. Bg3 Nc3 25. Nh4 Rg5 26. Rc1 Rxh5 27. Bxh5 Ne4
28. Be2 N6c5 29. Nf3 Nxg3+ 30. hxg3 Ne4 31. Kg1 Nxg3 32. Bc4+ Kh8 33. fxg3 Qxe3+
34. Kh2 Bxf3 35. Rce1 Qc5 0-1

[Event "Airthings Masters"]
[Site "chess.com INT"]
[Date "2023.02.03"]
[EventDate "2023.02.03"]
[Round "4"]
[Result "1-0"]
[White "D Gukesh"]
[Black "Mahammad Muradli"]
[WhiteElo "2718"]
[BlackElo "2539"]
[PlyCount "80"]

1. Nf3 Nf6 2. c4 e6 3. Nc3 d5 4. e3 c5 5. cxd5 exd5 6. d4 Nc6 7. Bb5 cxd4 8.
Nxd4 Bd7 9. O-O Bd6 10. Nf3 Be6 11. b3 O-O 12. Bb2 Rc8 13. Rc1 a6 14. Bxc6 bxc6
15. Qd3 a5 16. Rfd1 Re8 17. Ne2 c5 18. Ng3 Bf8 19. Ng5 g6 20. Nxe6 fxe6 21. Ne2
Bg7 22. Be5 Nd7 23. Bxg7 Kxg7 24. Nf4 Nf6 25. Qa6 Kf7 26. Nd3 Nd7 27. Qb5 Qc7
28. Rc2 Qa7 29. Rdc1 Rc7 30. Qa4 e5 31. Qh4 Kg7 32. e4 d4 33. f4 exf4 34. Rf2
Rxe4 35. Nxf4 Re5 36. Rcf1 Qb8 37. Ne6+ Kg8 38. Rf7 Rh5 39. Qe7 Rc8 40. Rf8+ 1-0

[Event "Airthings Masters"]
[Site "chess.com INT"]
[Date "2023.02.03"]
[EventDate "2023.02.03"]
[Round "5"]
[Result "1/2-1/2"]
[White "D Gukesh"]
[Black "Ian Nepomniachtchi"]
[WhiteElo "2718"]
[BlackElo "2793"]
[PlyCount "96"]

1. d4 Nf6 2. c4 e6 3. Nf3 d5 4. Nc3 Be7 5. Bf4 O-O 6. e3 Nbd7 7. c5 Nh5 8. Bd3
Nxf4 9. exf4 c6 10. O-O b6 11. b4 a5 12. a3 Qc7 13. g3 Ba6 14. Bxa6 Rxa6 15. Qe2
Rfa8 16. b5 cxb5 17. Nxb5 Qc6 18. cxb6 Rxb6 19. a4 Rc8 20. Na7 Qc2 21. Qxc2 Rxc2
22. Rfc1 Rbb2 23. Nc6 Rxf2 24. Nxe7+ Kf8 25. Nxd5 exd5 26. Rc8+ Ke7 27. Re1+ Kd6
28. Nh4 g6 29. Ra8 Rxh2 30. Ra6+ Kc7 31. Rxa5 Rh3 32. Re3 Nf6 33. Ra7+ Kb6 34.
Rxf7 Ne4 35. Rxh7 Rxg3+ 36. Rxg3 Nxg3 37. Nxg6 Ne2+ 38. Kf1 Nxd4 39. Ne7 Kc5 40.
Rh5 Kc4 41. Nxd5 Ra2 42. Re5 Nf3 43. Re2 Nh2+ 44. Kf2 Ng4+ 45. Kf3 Nh2+ 46. Kf2
Ng4+ 47. Kf3 Nh2+ 48. Kf2 1/2-1/2

[Event "Airthings Masters"]
[Site "chess.com INT"]
[Date "2023.02.03"]
[EventDate "2023.02.03"]
[Round "6"]
[Result "0-1"]
[White "Vasquez Schroeder, Rodrigo"]
[Black "D Gukesh"]
[WhiteElo "2513"]
[BlackElo "2718"]
[PlyCount "118"]

1. d4 Nf6 2. c4 e6 3. Nf3 d5 4. Nc3 Bb4 5. Qa4+ Nc6 6. a3 Bxc3+ 7. bxc3 Ne4 8.
e3 Nxc3 9. Qc2 Ne4 10. Bd3 Nd6 11. c5 Nf5 12. h4 h5 13. Bb2 Bd7 14. Rc1 O-O 15.
g3 Qe7 16. O-O Qf6 17. Kg2 Rab8 18. Rfe1 b6 19. Ne5 Be8 20. cxb6 Rxb6 21. Bc3
Kh8 22. Qe2 Qh6 23. Nxc6 Rxc6 24. Bb4 Rg8 25. Rxc6 Bxc6 26. Rc1 Be8 27. Rxc7 f6
28. Bxf5 exf5 29. Qf3 Qg6 30. Rxa7 Bb5 31. Qxd5 Bd3 32. f3 Rc8 33. Ra8 Qe8 34.
Rxc8 Qxc8 35. Qb3 Qa6 36. Kf2 Bf1 37. Qd1 Bd3 38. d5 Qc4 39. d6 Qa2+ 40. Qd2 Qb1
41. Kg2 Qf1+ 42. Kh2 Bb5 43. Qg2 Qd1 44. Bc5 Bc6 45. Bd4 Kh7 46. d7 Bxd7 47. Qf2
Bc6 48. Kg2 g5 49. Qf1 Qc2+ 50. Kg1 g4 51. fxg4 hxg4 52. Qf2 Qb1+ 53. Qf1 Qc2
54. Qf2 Qe4 55. Kf1 Kg6 56. Qf4 Qd3+ 57. Kf2 Bf3 58. h5+ Kxh5 59. Qxf5+ Qxf5 0-1

[Event "Airthings Masters"]
[Site "chess.com INT"]
[Date "2023.02.03"]
[EventDate "2023.02.03"]
[Round "7"]
[Result "0-1"]
[White "Vladimir Kramnik"]
[Black "D Gukesh"]
[WhiteElo "2753"]
[BlackElo "2718"]
[PlyCount "80"]

1. c4 c5 2. g3 g6 3. Bg2 Bg7 4. Nc3 Nc6 5. Nf3 e6 6. b3 Nge7 7. Ba3 b6 8. d4 O-O
9. O-O d5 10. cxd5 exd5 11. Rc1 Nxd4 12. Nxd4 Bxd4 13. b4 Ba6 14. bxc5 Bxc5 15.
Bb2 Rc8 16. Nxd5 Nxd5 17. Bxd5 Qg5 18. Qb3 Bxe2 19. Rfe1 Qd2 20. Bc3 Qd3 21. Qc2
Qxc2 22. Rxc2 Bd3 23. Rd2 Bf5 24. Bf6 Bb4 25. Ree2 Bxd2 26. Rxd2 Rc2 27. Rd1
Rfc8 28. Kg2 b5 29. Rd4 Be6 30. Bxe6 fxe6 31. Rd7 R2c7 32. Rd6 Kf7 33. Be5 Rb7
34. h4 b4 35. Ra6 Rc5 36. f4 h5 37. Kh3 Rd7 38. Bd6 Rc4 39. Be5 Rc2 40. Bd6 Kg8 0-1

[Event "Airthings Masters"]
[Site "chess.com INT"]
[Date "2023.02.03"]
[EventDate "2023.02.03"]
[Round "8"]
[Result "1-0"]
[White "D Gukesh"]
[Black "Samuel Sevian"]
[WhiteElo "2718"]
[BlackElo "2687"]
[PlyCount "96"]

1. d4 Nf6 2. Nf3 d5 3. Bf4 e6 4. e3 c5 5. Nbd2 cxd4 6. exd4 Qb6 7. Nb3 Bd7 8. a4
Nc6 9. a5 Qd8 10. c3 Nh5 11. Be3 Bd6 12. Ne5 g6 13. a6 bxa6 14. Nxd7 Qxd7 15.
Rxa6 Rb8 16. Be2 Ng7 17. O-O O-O 18. Bc1 Qc7 19. g3 Rfc8 20. Nc5 e5 21. Bg4 f5
22. Bf3 e4 23. Be2 h5 24. b4 h4 25. Qb3 Ne7 26. Bg5 hxg3 27. hxg3 Rd8 28. Qa2
Ra8 29. Qa5 Qxa5 30. Rxa5 Kf7 31. Rfa1 Bxc5 32. dxc5 Ne6 33. Be3 g5 34. Rxa7
Rxa7 35. Rxa7 f4 36. Bd4 Nxd4 37. cxd4 f3 38. Bf1 Kf6 39. b5 Nf5 40. c6 Nxd4 41.
c7 Rh8 42. b6 Ne2+ 43. Bxe2 fxe2 44. Ra1 d4 45. b7 d3 46. c8=Q Rxc8 47. bxc8=Q
d2 48. Qc3+ 1-0

[Event "Airthings Masters"]
[Site "chess.com INT"]
[Date "2023.02.03"]
[EventDate "2023.02.03"]
[Round "9"]
[Result "1/2-1/2"]
[White "Fabiano Caruana"]
[Black "D Gukesh"]
[WhiteElo "2766"]
[BlackElo "2718"]
[PlyCount "146"]

1. d4 Nf6 2. c4 e6 3. Nf3 d5 4. Nc3 Bb4 5. Bg5 h6 6. Bxf6 Qxf6 7. Qa4+ Nc6 8. e3
O-O 9. Be2 dxc4 10. O-O Bd7 11. Bxc4 Bxc3 12. bxc3 Rfd8 13. Qa3 Qe7 14. Qb2 Na5
15. Bd3 c5 16. Ne5 Be8 17. Rac1 Rac8 18. f4 Nc6 19. Qe2 g6 20. Be4 Kg7 21. Qf2
b5 22. Nd3 c4 23. Ne5 a5 24. h4 f5 25. Bxc6 Bxc6 26. Qg3 Qf6 27. Rb1 b4 28. Nxc6
Rxc6 29. cxb4 axb4 30. Rxb4 Rc7 31. Rc1 c3 32. Rc2 Rdc8 33. Rb3 Qd8 34. h5 g5
35. fxg5 hxg5 36. Rb6 Rc6 37. Qe5+ Kh6 38. Rb7 Qh8 39. Qg3 f4 40. Qf3 Qf6 41.
Qe4 Qf5 42. Qxf5 exf5 43. exf4 gxf4 44. Kf2 Rc4 45. Rd7 Kxh5 46. Ke2 Kg4 47. Kd3
Ra4 48. Rg7+ Kh5 49. d5 Rd8 50. Kxc3 Rxd5 51. Kb3 Ra8 52. Rb7 Kg5 53. Kb2 f3 54.
gxf3 Kf4 55. Rb3 Rd4 56. a3 Ra7 57. Ka2 Rad7 58. Kb2 Rd3 59. Rcc3 Rd2+ 60. Kb1
Rd1+ 61. Ka2 R1d2+ 62. Rb2 R2d3 63. Rxd3 Rxd3 64. a4 Kxf3 65. a5 Rd5 66. Rb3+
Kg2 67. Ra3 Rxa5 68. Rxa5 f4 69. Rg5+ Kh3 70. Kb3 f3 71. Kc2 f2 72. Rf5 Kg2 73.
Rxf2+ Kxf2 1/2-1/2

[Event "Airthings Masters"]
[Site "chess.com INT"]
[Date "2023.02.03"]
[EventDate "2023.02.03"]
[Round "1.1"]
[Result "1-0"]
[White "D Gukesh"]
[Black "Vladimir Kramnik"]
[WhiteElo "2718"]
[BlackElo "2753"]
[PlyCount "98"]

1. d4 Nf6 2. c4 e6 3. Nf3 Bb4+ 4. Nbd2 b6 5. g3 Bb7 6. Bg2 O-O 7. O-O Be7 8. b3
c5 9. Bb2 cxd4 10. Bxd4 d6 11. Qc2 Nbd7 12. Rfd1 Qc7 13. Rac1 Rac8 14. Qb1 Qb8
15. h3 h6 16. Ne1 Nc5 17. Bxb7 Qxb7 18. Ng2 Rfd8 19. Ne3 Nce4 20. Ng4 e5 21. Bb2
Ng5 22. Nxf6+ Bxf6 23. Qf5 Be7 24. Kh2 g6 25. Qd3 d5 26. h4 Nh7 27. cxd5 Rxc1
28. Rxc1 Rxd5 29. Qf3 Qd7 30. Nc4 Nf6 31. Ne3 Ra5 32. a4 h5 33. b4 Rxa4 34. Bxe5
Qe6 35. Bb2 Ra2 36. Rc6 Rxb2 37. Rxe6 fxe6 38. Qb7 Kf8 39. Qxa7 Rxb4 40. Kg2 Bc5
41. Qa2 Re4 42. Nc4 Nd5 43. e3 b5 44. Qa8+ Kg7 45. Qb7+ Be7 46. Qxb5 g5 47. hxg5
Bxg5 48. Nd6 Re5 49. Qb2 1-0

[Event "Airthings Masters"]
[Site "chess.com INT"]
[Date "2023.02.03"]
[EventDate "2023.02.03"]
[Round "1.2"]
[Result "0-1"]
[White "Vladimir Kramnik"]
[Black "D Gukesh"]
[WhiteElo "2753"]
[BlackElo "2718"]
[PlyCount "106"]

1. c4 c5 2. g3 g6 3. Bg2 Bg7 4. Nc3 Nc6 5. d3 Nf6 6. a3 O-O 7. Rb1 e6 8. h4 h6
9. h5 g5 10. f4 gxf4 11. Bxc6 dxc6 12. gxf4 Ng4 13. e4 f5 14. e5 Qd4 15. Nce2
Qf2+ 16. Kd2 Ne3 17. Qe1 Nxc4+ 18. Kd1 Qxe1+ 19. Kxe1 Nb6 20. Be3 Rd8 21. Rd1
Bf8 22. Nf3 Nd5 23. Rg1+ Kh7 24. Bf2 Be7 25. Nh4 Bd7 26. Ng6 Rg8 27. Nc3 Rae8
28. Ke2 b6 29. Kf3 Bd8 30. Rg2 Bc8 31. Rdg1 Ba6 32. Ke2 Bc7 33. Bh4 Bd8 34. Bf2
Ne7 35. b4 c4 36. d4 Nxg6 37. hxg6+ Kg7 38. b5 Bxb5 39. d5 exd5 40. Bd4 Re6 41.
Kd2 Ba6 42. Ne2 c5 43. Ke3 Rf8 44. Ng3 cxd4+ 45. Kxd4 Bb7 46. Nh5+ Kg8 47. g7
Rfe8 48. Rg6 Be7 49. Nf6+ Rxf6 50. exf6 Bc5+ 51. Kc3 Bxg1 52. Rxh6 Kf7 53. Rh8
Rg8 0-1

[Event "Airthings Masters Div 1"]
[Site "chess.com"]
[Date "2023.02.07"]
[EventDate "?"]
[Round "1"]
[Result "0-1"]
[White "Rauf Mamedov"]
[Black "D Gukesh"]
[WhiteElo "2632"]
[BlackElo "2629"]
[PlyCount "64"]

1. e4  c5  2. Nf3  Nc6  3. c3  d5  4. exd5
Qxd5  5. d4  Nf6  6. Be3  e6  7. Bd3  Be7  8. O-O
 O-O  9. Qe2  Rd8  10. h3  b6  11. Rd1
cxd4  12. cxd4  Bb7  13. Nc3
 Qh5  14. a3  Na5  15. b4  Bxf3  16. Qxf3
Qxf3  17. gxf3  Rac8  18. Rac1
 Nc4  19. Bxc4  Rxc4  20. Ne4  Rcc8  21. Nc3
Kf8  22. Kf1  a5  23. d5  axb4  24. axb4  Bxb4
25. Bxb6  Rd7  26. Bd4  Rdc7
 27. d6  Bxd6  28. Bxf6  Bf4  29. Bd4  Bxc1  30.
Rxc1  f6  31. Rd1  e5  32. Nd5  Rc1  0-1

[Event "Airthings Masters Div 1"]
[Site "chess.com"]
[Date "2023.02.07"]
[EventDate "?"]
[Round "2"]
[Result "0-1"]
[White "D Gukesh"]
[Black "Rauf Mamedov"]
[WhiteElo "2629"]
[BlackElo "2632"]
[PlyCount "122"]

1. d4  Nf6  2. Nf3  d6  3. Nc3  Nbd7  4. e4  e5
5. Bc4  Be7  6. O-O  O-O  7. Re1  c6  8. a4 a5
9. h3  h6 10. Be3  Re8  11. Qd2  Bf8  12. Rad1  Qc7  13. Nh4 exd4
14. Bxd4  Ne5  15. Bf1 g5  16. f4  gxh4  17. fxe5  dxe5  18. Be3  Nh5  19. Bxh6  Bc5+
20. Be3  Qe7  21. Bxc5  Qxc5+ 22. Kh2  Nf4  23. Ne2  Ng6  24. Ng1  Be6
25. Nf3  Kg7  26. Bd3  f6  27. Rg1  Rh8  28. Rgf1 Rag8  29. Qe1  Rh7  30. Rd2 Kh8
31. Rff2  Nf4  32. Bf1  Qe7  33. Rd1 Rhg7  34. Nxh4  Rh7  35. Rf3 Qg7
36. Rg3  Qf8  37. Rxg8+  Qxg8  38. g3  Nh5  39. Qf2  Rg7
40. g4  Nf4  41. Nf5  Rh7  42. Qg3  Bxf5  43. exf5  Qf8  44. Qe3  Nd5  45.
Qf2  e4  46. c4  Nb4  47. Qf4  Re7  48. Re1 Nd3  49. Bxd3  exd3
50. Rxe7 Qxe7  51. Kg3  Qe1+  52. Kg2  d2  53. Qh6+ Kg8  54. Qg6+  Kf8
55. Qxf6+ Ke8  56. Qg6+  Kd7  57. Qf7+  Kc8  58. Qf8+  Kc7  59. Qg7+  Kb6
60. c5+  Ka6  61. Qf8  Ka7  0-1

[Event "Airthings Masters Div 1"]
[Site "chess.com"]
[Date "2023.02.07"]
[EventDate "?"]
[Round "3"]
[Result "1-0"]
[White "D Gukesh"]
[Black "Rauf Mamedov"]
[WhiteElo "2629"]
[BlackElo "2632"]
[PlyCount "68"]

1. d4  Nf6  2. c4  c6  3. Nf3  d5  4. e3  Bf5
5. Nc3  e6  6. Nh4  Bg6  7. g3  Nbd7  8. cxd5  cxd5
9. Bd2  Be7  10. Qb3  Qb6  11. Qxb6 Nxb6
12. Bb5+  Nfd7  13. Nxg6 hxg6  14. Ke2  Nc4  15. Bxc4  dxc4
16. a4 f5  17. a5  a6  18. h4  Kf7  19. Rhb1  Rhc8
20. Na4  Rab8  21. b4  b5  22. axb6  Nxb6  23. Nc5  Nd5  24. Rc1  Nxb4
25. Rxc4  Nd5  26. Rxa6  Rb2  27. Nd3  Rxc4  28. Ne5+  Kf6  29. Nxc4  Rb3
30. Ne5  Rb2  31. Nc4  Rb3  32. Ra7  Bd8  33. e4 fxe4  34. Ne5  1-0

[Event "Sharjah Masters"]
[Site "Sharjah UAE"]
[Date "2023.05.18"]
[EventDate "2023.05.17"]
[Round "2.2"]
[Result "1/2-1/2"]
[White "Ivan Cheparinov"]
[Black "D Gukesh"]
[WhiteElo "2660"]
[BlackElo "2732"]
[PlyCount "54"]

1. e4 c5 2. Nf3 Nc6 3. d4 cxd4 4. Nxd4 Nf6 5. Nc3 e5 6. Ndb5 d6 7. Nd5 Nxd5 8.
exd5 Nb8 9. a4 Be7 10. b4 O-O 11. a5 Bf5 12. Be2 Nd7 13. O-O a6 14. Na3 Bg6 15.
c4 Kh8 16. Nc2 Bg5 17. Ra3 Rc8 18. Kh1 Qe7 19. Bxg5 Qxg5 20. Qc1 Qe7 21. Qd2
Rfe8 22. Rc3 f5 23. f4 Nf6 24. Bf3 Qf7 25. g3 Bh5 26. Bg2 Qd7 27. Ne3 1/2-1/2

[Event "Sharjah Masters"]
[Site "Sharjah UAE"]
[Date "2023.05.19"]
[EventDate "2023.05.17"]
[Round "3.3"]
[Result "1/2-1/2"]
[White "D Gukesh"]
[Black "SL Narayanan"]
[WhiteElo "2732"]
[BlackElo "2660"]
[PlyCount "80"]

1. c4 c5 2. Nf3 Nf6 3. g3 Nc6 4. Bg2 d5 5. cxd5 Nxd5 6. Nc3 Nc7 7. a3 g6 8. h4
Bg4 9. Na4 c4 10. Nc5 Bg7 11. O-O Qc8 12. d4 cxd3 13. Qxd3 O-O 14. Be3 Ne6 15.
Nxe6 Bxe6 16. Qb5 Qc7 17. Ng5 Bd7 18. Rac1 a6 19. Qb3 h6 20. Ne4 Be6 21. Qa4
Bxb2 22. Rc5 Bg7 23. h5 Rad8 24. hxg6 fxg6 25. Nc3 Qd7 26. Qe4 Bf5 27. Qc4+ Kh7
28. Nd5 Qd6 29. Bf4 e5 30. Be3 Nd4 31. Bxd4 exd4 32. Qb4 Rf7 33. Nf4 Bf8 34. Qb3
Qf6 35. Rd5 Rc7 36. a4 Bd6 37. Qb6 Be5 38. Qxf6 Bxf6 39. Rxf5 gxf5 40. Ne6 Rc4 1/2-1/2

[Event "Sharjah Masters"]
[Site "Sharjah UAE"]
[Date "2023.05.22"]
[EventDate "2023.05.17"]
[Round "6.1"]
[Result "1-0"]
[White "D Gukesh"]
[Black "Haik M Martirosyan"]
[WhiteElo "2732"]
[BlackElo "2675"]
[PlyCount "148"]

1. e4 e5 2. Nf3 Nc6 3. Bc4 Bc5 4. c3 Nf6 5. d3 d6 6. O-O h6 7. Re1 O-O 8. Nbd2
a6 9. Bb3 Be6 10. Nf1 Bxb3 11. Qxb3 Re8 12. Ng3 d5 13. exd5 Qxd5 14. Ne4 Qxb3
15. Nxf6+ gxf6 16. axb3 Rad8 17. Be3 Bxe3 18. Rxe3 Re6 19. Nh4 Red6 20. Rd1 Ne7
21. b4 Kf8 22. Kf1 Rd5 23. g3 Rb5 24. Rd2 a5 25. bxa5 Rxa5 26. Rde2 Ra1+ 27. Kg2
c5 28. f4 Rd1 29. fxe5 R1xd3 30. Rxd3 Rxd3 31. exf6 Ng8 32. Nf5 h5 33. Kh3 Nxf6
34. Kh4 Rd5 35. Rf2 Ne4 36. Ne3 Re5 37. Rf5 Re6 38. Nc4 Nd6 39. Nxd6 Rxd6 40.
Rxc5 Rd2 41. Rb5 Rxh2+ 42. Kg5 Ke7 43. Rxb7+ Ke6 44. b4 Rh3 45. Kf4 h4 46. gxh4
Rxh4+ 47. Ke3 f5 48. Rb6+ Ke5 49. Rb5+ Ke6 50. Rc5 Rh3+ 51. Kf4 Rh4+ 52. Kg3 Rh1
53. b5 Kd6 54. Rc6+ Ke5 55. c4 Rb1 56. b6 Ke4 57. c5 f4+ 58. Kg4 f3 59. Rf6 Kd5
60. Rf5+ Kc6 61. Kxf3 Re1 62. Kf4 Rf1+ 63. Ke5 Re1+ 64. Kf6 Rh1 65. Ke7 Rh8 66.
Rf6+ Kxc5 67. Kd7 Rh7+ 68. Kc8 Kb5 69. b7 Rh8+ 70. Kc7 Rh7+ 71. Kb8 Rh1 72. Rf2
Kb6 73. Rb2+ Kc6 74. Ra2 Kd5 1-0

[Event "Sharjah Masters"]
[Site "Sharjah UAE"]
[Date "2023.05.23"]
[EventDate "2023.05.17"]
[Round "7.1"]
[Result "1/2-1/2"]
[White "Samuel Sevian"]
[Black "D Gukesh"]
[WhiteElo "2684"]
[BlackElo "2732"]
[PlyCount "64"]

1. e4 c5 2. Nf3 e6 3. d4 cxd4 4. Nxd4 Nc6 5. Nc3 Qc7 6. Be3 a6 7. Qf3 h5 8.
O-O-O b5 9. Qg3 Qxg3 10. hxg3 Bc5 11. Kb1 Bxd4 12. Bxd4 Nxd4 13. Rxd4 Bb7 14. a4
bxa4 15. Nxa4 e5 16. Rd2 Nf6 17. f3 Rh6 18. Nc5 Bc8 19. Nd3 d6 20. Nb4 a5 21.
Nc6 Ng8 22. Bb5 Bd7 23. c4 Ne7 24. Nxe7 Kxe7 25. Bxd7 Kxd7 26. c5 Rc8 27. cxd6
Rxd6 28. Rxd6+ Kxd6 29. Rxh5 g6 30. Rh1 f5 31. Rd1+ Ke6 32. Re1 1/2-1/2

[Event "Sharjah Masters"]
[Site "Sharjah UAE"]
[Date "2023.05.25"]
[EventDate "2023.05.17"]
[Round "9.1"]
[Result "1/2-1/2"]
[White "D Gukesh"]
[Black "M Amin Tabatabaei"]
[WhiteElo "2732"]
[BlackElo "2677"]
[PlyCount "96"]

1. d4 Nf6 2. c4 e6 3. Nf3 d5 4. Nc3 Nbd7 5. g3 Be7 6. Bg2 O-O 7. O-O dxc4 8. a4
a5 9. e4 Nb6 10. Be3 Bb4 11. Qc2 h6 12. h3 Bd7 13. g4 Bxc3 14. bxc3 Qe8 15. g5
Bxa4 16. Qb1 hxg5 17. Nxg5 Nh7 18. Nxh7 Kxh7 19. d5 e5 20. f4 Bb3 21. fxe5 Nd7
22. e6 fxe6 23. e5+ Kg8 24. Qe4 a4 25. dxe6 Qxe6 26. Qxb7 Qxe5 27. Bd4 Qd6 28.
Qd5+ Qxd5 29. Bxd5+ Kh7 30. Bxa8 Rxa8 31. Rf7 Nf6 32. Rxc7 Ne8 33. Rc6 a3 34.
Kf2 a2 35. Ke2 Rd8 36. Ra6 Nd6 37. Ra5 Re8+ 38. Kf3 Re7 39. h4 Ne4 40. R1xa2
Bxa2 41. Rxa2 Nd6 42. Ra5 Rf7+ 43. Kg4 Ne4 44. Rf5 Rxf5 45. Kxf5 Nd6+ 46. Kg5 g6
47. Be5 Nb5 48. h5 1/2-1/2

[Event "Global Chess League"]
[Site "Dubai UAE"]
[Date "2023.06.22"]
[EventDate "2023.06.22"]
[Round "1.2"]
[Result "1/2-1/2"]
[White "D Gukesh"]
[Black "Nodirbek Abdusattorov"]
[WhiteElo "2736"]
[BlackElo "2732"]
[PlyCount "206"]

1. Nf3 d5 2. g3 Nc6 3. d4 Bf5 4. c4 e6 5. Bg2 Nb4 6. O-O Nc2 7. cxd5 Nxa1 8. e4
Bxe4 9. dxe6 fxe6 10. Nc3 Bf5 11. Nh4 Nf6 12. Nxf5 exf5 13. Qd3 Qd7 14. Bxb7 Rb8
15. Ba6 Bd6 16. Re1+ Kd8 17. Bg5 Re8 18. Rxa1 Rxb2 19. Nd5 Qe6 20. Ne3 f4 21.
Nc4 fxg3 22. hxg3 Re2 23. Ne5 Rxe5 24. dxe5 Qxe5 25. Bxf6+ Qxf6 26. Rb1 Rf8 27.
Qe2 Qe5 28. Qg4 Ke7 29. Bc8 h5 30. Qd7+ Kf6 31. Rb3 Qe1+ 32. Kg2 Kg6 33. Qe6+
Qxe6 34. Bxe6 Bc5 35. f4 Rd8 36. Rb5 Rd2+ 37. Kf1 Bb6 38. Bc4 h4 39. gxh4 Rf2+
40. Ke1 Rxf4 41. h5+ Kf6 42. Be2 Ra4 43. Rb2 Bd4 44. Rc2 c5 45. Kd2 Ra3 46. Kc1
Rh3 47. Bd1 Ke5 48. Rg2 Kd5 49. Kc2 a5 50. Rd2 Kc4 51. Be2+ Kd5 52. Bd1 a4 53.
Rd3 Rh2+ 54. Rd2 Rh4 55. Kc1 Kc4 56. Kc2 Rh3 57. Rd3 Rh2+ 58. Rd2 Rh4 59. Rd3
Kb4 60. Rd2 c4 61. Rg2 Rh3 62. Kb1 Rh1 63. Kc2 a3 64. Rd2 Kc5 65. Rg2 Rf1 66.
Rg5+ Kb4 67. Rg2 Be3 68. Re2 Bh6 69. Re4 Kc5 70. Rxc4+ Kd5 71. Ra4 Rf2+ 72. Kc3
Bc1 73. Bb3+ Ke5 74. Rg4 Bb2+ 75. Kb4 Kf5 76. Rc4 Rh2 77. Rc5+ Ke4 78. Bf7 Rf2
79. Bb3 Rf8 80. Rd5 Rb8+ 81. Rb5 Rd8 82. Rc5 Kd4 83. Rc4+ Kd3 84. Rc5 Rf8 85.
Be6 Rb8+ 86. Ka4 Kd4 87. Rd5+ Ke4 88. Rb5 Rd8 89. Rc5 Kd4 90. Rb5 Rd6 91. Bf7
Rf6 92. Bg8 Ke3 93. Kb3 Rf2 94. Ka4 Kd3 95. Rc5 Rf8 96. Be6 Ra8+ 97. Kb3 Rb8+
98. Ka4 Ke4 99. Rb5 Rd8 100. Rc5 Rd6 101. Bf7 Rd7 102. Be6 Rd6 103. Bf7 Rd7 1/2-1/2

[Event "Global Chess League"]
[Site "Dubai UAE"]
[Date "2023.06.23"]
[EventDate "2023.06.22"]
[Round "2.2"]
[Result "0-1"]
[White "D Gukesh"]
[Black "Richard Rapport"]
[WhiteElo "2736"]
[BlackElo "2752"]
[PlyCount "82"]

1. d4 Nf6 2. c4 e6 3. Nf3 b6 4. g3 Bb7 5. Bg2 Be7 6. O-O O-O 7. Re1 a5 8. h4 h6
9. Nc3 Bb4 10. Qc2 Bxc3 11. Qxc3 d6 12. b3 Nbd7 13. Bb2 Qb8 14. a4 Ne4 15. Qc2
f5 16. Nd2 Nxd2 17. Qxd2 Bxg2 18. Kxg2 Qb7+ 19. f3 Rae8 20. Bc3 Rf7 21. Kf2 e5
22. dxe5 dxe5 23. Rad1 Qc6 24. Qe3 Nf6 25. Rg1 Rfe7 26. Rd2 Kh7 27. Ke1 Nd7 28.
g4 f4 29. Qd3+ e4 30. Qc2 Kg8 31. Kd1 exf3 32. exf3 Qxf3+ 33. Kc1 Nc5 34. g5 Re3
35. Bxg7 Nxb3+ 36. Kb2 Nxd2 37. gxh6 Rb3+ 38. Ka2 Ra3+ 39. Kb2 Qb3+ 40. Qxb3
Rxb3+ 41. Kc2 Rg3 0-1

[Event "Global Chess League"]
[Site "Dubai UAE"]
[Date "2023.06.24"]
[EventDate "2023.06.22"]
[Round "3.2"]
[Result "1-0"]
[White "Yangyi Yu"]
[Black "D Gukesh"]
[WhiteElo "2734"]
[BlackElo "2736"]
[PlyCount "96"]

1. d4 Nf6 2. c4 e6 3. g3 d5 4. Bg2 Bb4+ 5. Bd2 Be7 6. Nf3 O-O 7. O-O c6 8. Qc2
Nbd7 9. Bf4 a5 10. h4 h6 11. Re1 Nh5 12. Bd2 f5 13. Nc3 Bd6 14. Rad1 Qe8 15. e3
Nhf6 16. Rf1 Ne4 17. Bc1 Qh5 18. Rde1 g5 19. Qd1 Qg6 20. hxg5 hxg5 21. Nd2 g4
22. Ne2 Ndf6 23. Nf4 Qg7 24. Bxe4 dxe4 25. Kg2 e5 26. dxe5 Bxe5 27. Rh1 a4 28.
Rh4 Kf7 29. Reh1 Be6 30. b3 a3 31. Rh6 Rh8 32. Rxh8 Rxh8 33. Bxa3 Rd8 34. Qc1
Nh7 35. Nxe6 Kxe6 36. c5 Ng5 37. Nc4 Nf3 38. Nxe5 Nxe5 39. Bb2 Rd5 40. b4 Qf7
41. Rh6+ Kd7 42. Qh1 Qe7 43. Rh7 Nf7 44. Qh5 Ke8 45. Qg6 Rd2 46. Bf6 Qf8 47.
Qxf5 Rd5 48. Qe6+ 1-0

[Event "Global Chess League"]
[Site "Dubai UAE"]
[Date "2023.06.24"]
[EventDate "2023.06.22"]
[Round "4.2"]
[Result "1-0"]
[White "Shakhriyar Mamedyarov"]
[Black "D Gukesh"]
[WhiteElo "2740"]
[BlackElo "2736"]
[PlyCount "80"]

1. c4 c5 2. Nc3 Nc6 3. g3 g6 4. Bg2 Bg7 5. d3 Nf6 6. a3 O-O 7. Rb1 e6 8. b4 cxb4
9. axb4 d5 10. cxd5 exd5 11. b5 Ne5 12. d4 Nc4 13. e3 Qa5 14. Ne2 Bf5 15. Rb3
Ne4 16. O-O Rfd8 17. Qe1 Rac8 18. Nf4 Nxc3 19. Qxc3 Be4 20. Bh3 f5 21. f3 Qxc3
22. Rxc3 Bb1 23. g4 fxg4 24. fxg4 Nb6 25. Rxc8 Rxc8 26. g5 Bf5 27. Bxf5 gxf5 28.
Nh5 Rc2 29. Kh1 Nc4 30. Ng3 f4 31. exf4 Bxd4 32. Nf5 Bc5 33. Nh6+ Kf8 34. f5 d4
35. g6 hxg6 36. fxg6+ Kg7 37. Rg1 d3 38. Nf5+ Kg8 39. Bg5 Bxg1 40. Bf6 Rxh2+ 1-0